Using of business intelligence in logistics

Business intelligence ako nástroj informačného manažmentu v procese riadenia. Kvalita a stratégia operatívneho plánovania. Proces a organizácia obchodných informácií. Business intelligence v systéme slovenských priemyselných spoločností.

Gespeichert in:
Bibliographische Detailangaben
1. Verfasser: Babič, Miroslav
Format: Buchkapitel
Sprache:Englisch
Schlagworte:
Tags: Tag hinzufügen
Keine Tags, Fügen Sie das erste Tag hinzu!

MARC

LEADER 00000nla$a2200000$$$4500
001 0124266
005 20240502072413.7
041 0 |a eng 
044 |a SK 
245 1 0 |a Using of business intelligence in logistics  |c Miroslav Babič 
520 |a Business intelligence ako nástroj informačného manažmentu v procese riadenia. Kvalita a stratégia operatívneho plánovania. Proces a organizácia obchodných informácií. Business intelligence v systéme slovenských priemyselných spoločností. 
610 2 0 |a manažment strategický 
610 2 0 |a manažment komunikačný 
610 2 0 |a manažment logistický 
610 2 0 |a manažment znalostný 
610 2 0 |a riadenie znalostí 
610 2 0 |a technológie informačné 
610 2 0 |a technológie komunikačné 
610 2 0 |a priemysel 
100 1 |a Babič, Miroslav